000 00491nam a2200193 a 4500
005 20210219153030.0
008 991125n 000 0 spa u
035 _aUPN01000073727
100 1 _aGuardia, Miguel
222 0 _aCOMUNICACION EDUCATIVA
245 0 0 _aEducación en crisis : sistemas precarios
300 _a8
362 0 _a1982 Año 3, no. 17, mar.
653 0 _aCRISIS EDUCATIVA
653 0 _aEDUCACION
653 0 _aNIÑOS
904 _aAC
_b011538
905 _aArticulo
999 _c66549
_d66549